| 000 | 00936nam a22001935i 4500 | ||
|---|---|---|---|
| 001 | 170348 | ||
| 003 | ES-MaACL | ||
| 005 | 20230906214350.0 | ||
| 008 | 090226s1982 sp |||| | spa d | ||
| 080 | _a811.134.11'372.21(460.353 Aljarafe) | ||
| 100 | 1 |
_aHerrera García, Antonio. _963220 |
|
| 245 | 1 | 0 |
_aDe toponomía mínima aljarafeña _b: un intento de clasificación y algunas suposiciones / _cpor Antonio Herrera García. |
| 260 |
_aSevilla : _bInstituto de Bachillerato "San Isidro", _c1982. |
||
| 300 |
_aP. 57-71 ; _c22 cm. |
||
| 595 | _aSeparata de: Miscelánea de trabajos de investigación ofrecida al Dr. D. Vicente García de Diego López, catedrático de latín de este centro, con motivo de su jubilación en el mismo. | ||
| 650 | 1 | 4 |
_aNombres geográficos- _zAljarafe. _9139541 |
| 710 | 2 |
_aInstituto "San Isidoro" de Sevilla. _9139542 |
|
| 852 |
_aES-MaACL _j2250-F-1 _9R.114527 _z.- Dedicatoria manuscrita del autor |
||
| 999 |
_c170348 _d170348 |
||